|
|
|
|
| LEADER |
00000nab a2200000 a 4500 |
| 001 |
vtls000817899 |
| 003 |
SK-MaSNL |
| 005 |
20260304112413.0 |
| 008 |
250429c2002 xo 0 slo |
| 015 |
|
|
|a SNBRB2002/12-40702
|
| 035 |
|
|
|a CLN000169554
|
| 035 |
|
|
|a urn:nbn:sk:snk-abozv
|
| 035 |
|
|
|a (urnnbn)urn:nbn:sk:snk:ar-00394j
|
| 035 |
|
|
|a (uuid)ecc42449-be0a-4cd0-8b58-32115eabb802
|
| 040 |
|
|
|a SNKBUCL
|b slo
|c SNKBUCL
|e AACR2
|
| 041 |
0 |
|
|a slo
|
| 044 |
|
|
|a xo
|c SK
|
| 080 |
|
|
|a 349:173
|2 1997
|
| 080 |
|
|
|a 173:340.13
|2 1997
|
| 100 |
1 |
|
|a Babjaková, Ľudmila
|4 aut
|9 1259750
|
| 245 |
1 |
0 |
|a Legislatívne úpravy domáceho násilia
|c Ľudmila Babjaková, Eva Sopková
|
| 504 |
|
|
|a Bibliogr. odkazy
|
| 650 |
0 |
7 |
|a domáce násilie
|x právne úpravy
|2 snkbucl
|9 24206
|
| 655 |
|
7 |
|a články z novín a časopisov
|2 snkbucl
|9 267496
|
| 700 |
1 |
|
|a Sopková, Eva
|4 aut
|9 473955
|
| 773 |
0 |
|
|t Justičná revue
|g Roč. 54, č. 11 (2002), s. 1235-1250
|x 1335-6461
|
| 850 |
|
|
|a Slovenská národná knižnica
|
| 852 |
|
|
|a Slovenská národná knižnica
|
| 954 |
|
|
|a odborná, vedecká literatúra pôvodná (slovenská)
|2 lita
|
| 958 |
|
|
|a article27
|
| 958 |
|
|
|a OND
|
| 958 |
|
|
|a SK
|
| 958 |
|
|
|a NB
|
| 958 |
|
|
|a EUIPO
|
| 992 |
|
|
|a RBX
|
| 999 |
|
|
|c 2865751
|d 2867681
|